00462nam a2200193 a 4500001001300000003000900013005001700022008004100039020001000080082001600090100001600106245001800122260003600140300000900176500003500185505001600220650001600236700001600252nice12345678IN_TiNIC20260116011516.0050524s1311 shia grp 000 0 per  ac10000a297.93bBAH aBaha, Abdul aBahai Taleem. aShimlabIndian Institute c1311 a112p aincludes index and biblioraphy2 aIndex, 145p aBahai Faith1 aBaha, Abdul